[Event "Belgrade-chT Quality"]
[Site "Belgrade"]
[Date "2022.10.01"]
[Round "1.1"]
[White "Carnic, Srdjan"]
[Black "Milosevic, Milos"]
[Result "0-1"]
[WhiteElo "2279"]
[BlackElo "2371"]
[PlyCount "66"]
[EventDate "2022.10.01"]
[EventType "team-tourn"]
[EventRounds "11"]
[EventCountry "SRB"]
[SourceTitle "CBM 210 Extra"]
[Source "ChessBase"]
[SourceDate "2022.11.30"]
[SourceVersion "1"]
[SourceVersionDate "2022.11.30"]
[SourceQuality "1"]
[WhiteTeam "Belgrade Radnicki"]
[BlackTeam "Belgrade Turbina"]
[WhiteTeamCountry "SRB"]
[BlackTeamCountry "SRB"]

1. Nf3 c5 2. c4 Nc6 3. Nc3 g6 4. g3 Bg7 5. Bg2 e5 6. 0-0 Nge7 7. d3 0-0 8. a3 d6 9. Rb1 f5 10. Bg5 h6 11. Bxe7 Nxe7 12. Nd2 Rb8 13. b4 b6 14. Nd5 Bb7 15. Qa4 Nxd5 16. cxd5 a6 17. bxc5 dxc5 18. Qb3 b5 19. d6+ Kh7 20. Bxb7 Rxb7 21. Qd5 Rd7 22. a4 Rxd6 23. Qxc5 e4 24. axb5 exd3 25. exd3 Rxd3 26. Nc4 f4 27. Qc6 axb5 28. Rxb5 fxg3 29. hxg3 Qd4 30. Kg2 Rc3 31. Rc5 Rc2 32. Kh3 Rfxf2 33. Rxf2 Qxf2 0-1

[Event "Belgrade Radnicki IM T1 08"]
[Site "Belgrade"]
[Date "2021.08.04"]
[Round "4"]
[White "Ostojic, Nikola"]
[Black "Carnic, Srdjan"]
[Result "0-1"]
[WhiteElo "2368"]
[BlackElo "2289"]
[PlyCount "79"]
[EventDate "2021.08.01"]
[EventType "tourn"]
[EventRounds "9"]
[EventCountry "SRB"]
[EventCategory "1"]
[SourceTitle "CBM 203 Extra"]
[Source "ChessBase"]
[SourceDate "2021.09.30"]
[SourceVersion "1"]
[SourceVersionDate "2021.09.30"]
[SourceQuality "1"]

1. d4 d5 2. c4 c6 3. Nf3 Nf6 4. Nc3 e6 5. Bg5 Nbd7 6. cxd5 exd5 7. e3 h6 8. Bh4 g5 9. Bg3 Nh5 10. Be5 Nxe5 11. Nxe5 Nf6 12. Bd3 Bg7 13. 0-0 Qe7 14. Qc2 Ng4 15. Nf3 Be6 16. Ne2 0-0-0 17. Ng3 h5 18. b4 Kb8 19. Rab1 h4 20. Nf5 Bxf5 21. Bxf5 Nh6 22. b5 cxb5 23. Rxb5 Rd6 24. Rc5 Nxf5 25. Qxf5 Qe6 26. Qxg5 Bf6 27. Qf4 a6 28. Ne5 Bxe5 29. Qxe5 Rg8 30. Qf4 h3 31. g3 Rg4 32. Qf3 Re4 33. Rfc1 Rb6 34. R5c2 f5 35. Rf1 Qg6 36. Rc5 Rd6 37. Rc3 Qe6 38. Qh5 f4 39. Rcc1 fxg3 40. hxg3 0-1

[Event "Belgrade Serbia op"]
[Site "Belgrade"]
[Date "2021.07.05"]
[Round "5"]
[White "Carnic, Srdjan"]
[Black "Pap, Misa"]
[Result "1/2-1/2"]
[WhiteElo "2291"]
[BlackElo "2431"]
[PlyCount "97"]
[EventDate "2021.07.02"]
[EventType "swiss"]
[EventRounds "9"]
[EventCountry "SRB"]
[SourceTitle "CBM 203 Extra"]
[Source "ChessBase"]
[SourceDate "2021.09.30"]
[SourceVersion "1"]
[SourceVersionDate "2021.09.30"]
[SourceQuality "1"]

1. Nf3 c5 2. c4 g6 3. g3 Bg7 4. Bg2 Nc6 5. Nc3 d6 6. 0-0 Bf5 7. d3 Qd7 8. Rb1 Nf6 9. a3 a5 10. Bg5 Be6 11. Ne1 h6 12. Bd2 d5 13. Na4 Qd6 14. Bf4 Ne5 15. Bxe5 Qxe5 16. Nxc5 0-0 17. d4 Qc7 18. Nxe6 fxe6 19. cxd5 exd5 20. Nd3 Qd6 21. Qb3 a4 22. Qb4 Qxb4 23. Nxb4 e6 24. Nd3 g5 25. e3 Nd7 26. Rbc1 Rfc8 27. Rfd1 Kf7 28. Kf1 Rab8 29. Ke2 Nb6 30. Rxc8 Rxc8 31. Rc1 Nc4 32. Rc2 b5 33. Bh3 Ke7 34. f4 Kd6 35. Kf3 Rf8 36. Bg4 e5 37. dxe5+ Bxe5 38. e4 Bg7 39. exd5 Re8 40. Be6 Rb8 41. Ke4 Rb7 42. Ne5 Bxe5 43. fxe5+ Nxe5 44. Rc8 Nc4 45. Rc6+ Ke7 46. Kf5 Ne3+ 47. Ke5 Nc4+ 48. Kf5 Ne3+ 49. Ke5 1/2-1/2

[Event "Belgrade Radnicki IM"]
[Site "Belgrade"]
[Date "2021.02.17"]
[Round "8"]
[White "Carnic, Srdjan"]
[Black "Khubukshanov, Erdem"]
[Result "1/2-1/2"]
[WhiteElo "2298"]
[BlackElo "2293"]
[PlyCount "54"]
[EventDate "2021.02.10"]
[EventType "tourn"]
[EventRounds "9"]
[EventCountry "SRB"]
[SourceTitle "CBM 200 Extra"]
[Source "ChessBase"]
[SourceDate "2021.03.31"]
[SourceVersion "1"]
[SourceVersionDate "2021.03.31"]
[SourceQuality "1"]

1. Nf3 d5 2. d4 e6 3. c4 c6 4. e3 Nf6 5. Nbd2 c5 6. cxd5 Nxd5 7. e4 Nf6 8. dxc5 Bxc5 9. Bc4 0-0 10. 0-0 Qc7 11. a3 a5 12. b3 Rd8 13. Qe2 Nc6 14. Bb2 Nd4 15. Nxd4 Bxd4 16. Bxd4 Rxd4 17. e5 Nd5 18. Nf3 Rg4 19. Bxd5 exd5 20. Rfd1 Re4 21. Qb5 Be6 22. Rac1 Qe7 23. Qc5 Qe8 24. Qb6 Qf8 25. Qc5 Qe8 26. Qb6 Qf8 27. Qc5 Qe8 1/2-1/2

[Event "Belgrade-chT"]
[Site "Belgrade"]
[Date "2020.10.12"]
[Round "8.1"]
[White "Bukal, Vladimir Jr"]
[Black "Carnic, Srdjan"]
[Result "1-0"]
[WhiteElo "2391"]
[BlackElo "2296"]
[PlyCount "87"]
[EventDate "2020.10.04"]
[EventType "team-tourn"]
[EventRounds "9"]
[EventCountry "SRB"]
[SourceTitle "EXT 2022"]
[Source "ChessBase"]
[SourceDate "2021.10.06"]
[SourceVersion "1"]
[SourceVersionDate "2021.10.06"]
[SourceQuality "1"]
[WhiteTeam "Grocka Pobednik"]
[BlackTeam "Belgrade Radnicki"]
[WhiteTeamCountry "SRB"]
[BlackTeamCountry "SRB"]

1. d4 Nf6 2. Nf3 e6 3. Bf4 b6 4. e3 Bb7 5. Nbd2 Be7 6. h3 0-0 7. Bd3 c5 8. c3 cxd4 9. exd4 d6 10. 0-0 Nbd7 11. Re1 Re8 12. a4 a6 13. Bh2 Bf8 14. Nc4 Qc7 15. Ne3 e5 16. Bf1 e4 17. Nd2 Qc6 18. a5 b5 19. c4 bxc4 20. Ndxc4 d5 21. Ne5 Nxe5 22. Bxe5 Nd7 23. Bg3 Rac8 24. Rc1 Qe6 25. Qb3 Ba8 26. Rc3 Rxc3 27. bxc3 Bd6 28. Bxd6 Qxd6 29. Qb4 Qc7 30. Bxa6 Rb8 31. Qa3 Bc6 32. Bf1 g6 33. Ra1 Ba8 34. c4 dxc4 35. Bxc4 Nf6 36. a6 Kg7 37. d5 Qe5 38. Rd1 h5 39. d6 Rd8 40. Qb4 Ne8 41. d7 Nf6 42. Bb5 g5 43. Nc4 Qb8 44. Qe7 1-0

[Event "Belgrade-chT"]
[Site "Belgrade"]
[Date "2020.10.08"]
[Round "5.1"]
[White "Carnic, Srdjan"]
[Black "Mijatovic, Dusan"]
[Result "1/2-1/2"]
[WhiteElo "2296"]
[BlackElo "2177"]
[PlyCount "46"]
[EventDate "2020.10.04"]
[EventType "team-tourn"]
[EventRounds "9"]
[EventCountry "SRB"]
[SourceTitle "EXT 2022"]
[Source "ChessBase"]
[SourceDate "2021.10.06"]
[SourceVersion "1"]
[SourceVersionDate "2021.10.06"]
[SourceQuality "1"]
[WhiteTeam "Belgrade Radnicki"]
[BlackTeam "Bogoslov"]
[WhiteTeamCountry "SRB"]
[BlackTeamCountry "SRB"]

1. e4 e6 2. d4 d5 3. Nc3 Nf6 4. Bg5 Bb4 5. e5 h6 6. Bd2 Bxc3 7. bxc3 Ne4 8. Qg4 Kf8 9. h4 c5 10. Bd3 Nxd2 11. Kxd2 c4 12. Be2 Nc6 13. Rh3 b5 14. Qf4 Qe7 15. a3 a5 16. Bh5 Ke8 17. Ne2 Rb8 18. Rhh1 b4 19. axb4 axb4 20. cxb4 g6 21. Bf3 c3+ 22. Nxc3 Rxb4 23. Ne2 Rb2 1/2-1/2

[Event "Belgrade-chT"]
[Site "Belgrade"]
[Date "2016.10.17"]
[Round "9.6"]
[White "Martic, Ivan"]
[Black "Carnic, Srdjan"]
[Result "1/2-1/2"]
[WhiteElo "2362"]
[BlackElo "2322"]
[PlyCount "27"]
[EventDate "2016.10.08"]
[EventType "team-tourn"]
[EventRounds "13"]
[EventCountry "SRB"]
[SourceTitle "CBM 175 Extra"]
[Source "ChessBase"]
[SourceDate "2016.12.12"]
[SourceVersion "1"]
[SourceVersionDate "2016.12.12"]
[SourceQuality "1"]
[WhiteTeam "Belgrade"]
[BlackTeam "Post Stedionica"]
[WhiteTeamCountry "SRB"]
[BlackTeamCountry "SRB"]

1. c4 c6 2. d4 d5 3. Nf3 Nf6 4. e3 g6 5. Nc3 Bg7 6. Be2 0-0 7. 0-0 Bf5 8. Qb3 Qb6 9. c5 Qc7 10. Bd2 Nbd7 11. Nh4 Be6 12. Nf3 Bf5 13. Nh4 Be6 14. Nf3 1/2-1/2

[Event "SRB Central-ch op-A 9th"]
[Site "Paracin"]
[Date "2016.07.12"]
[Round "6"]
[White "Djordjevic, Vuk D"]
[Black "Carnic, Srdjan"]
[Result "1-0"]
[WhiteElo "2415"]
[BlackElo "2318"]
[PlyCount "59"]
[EventDate "2016.07.07"]
[EventType "swiss"]
[EventRounds "9"]
[EventCountry "SRB"]
[SourceTitle "CBM 173 Extra"]
[Source "ChessBase"]
[SourceDate "2016.08.29"]
[SourceVersion "1"]
[SourceVersionDate "2016.08.29"]
[SourceQuality "1"]

1. e4 e6 2. d4 d5 3. Nc3 Nf6 4. Bg5 dxe4 5. Nxe4 Be7 6. Bxf6 gxf6 7. Nf3 f5 8. Nc3 a6 9. Qe2 b5 10. 0-0-0 b4 11. Na4 Qd5 12. Qc4 Bb7 13. Qxc7 Bd6 14. Qc4 Nd7 15. Qxd5 Bxd5 16. c4 Bc6 17. b3 Bxa4 18. bxa4 Nb6 19. a5 Na4 20. Re1 Nc3 21. Bd3 0-0 22. Kb2 Bc7 23. Rhg1 Bxa5 24. g4 f4 25. Re5 Bd8 26. Rh5 Bf6 27. g5 Be7 28. Rxh7 Ra7 29. Rg4 Rd8 30. Rgh4 1-0

[Event "SRB Central-ch op-A 9th"]
[Site "Paracin"]
[Date "2016.07.09"]
[Round "4"]
[White "Carnic, Srdjan"]
[Black "Berkes, Ferenc"]
[Result "0-1"]
[WhiteElo "2318"]
[BlackElo "2640"]
[PlyCount "66"]
[EventDate "2016.07.07"]
[EventType "swiss"]
[EventRounds "9"]
[EventCountry "SRB"]
[SourceTitle "CBM 173 Extra"]
[Source "ChessBase"]
[SourceDate "2016.08.29"]
[SourceVersion "1"]
[SourceVersionDate "2016.08.29"]
[SourceQuality "1"]

1. e4 Nf6 2. e5 Nd5 3. d4 d6 4. Nf3 dxe5 5. Nxe5 c6 6. Be2 Bf5 7. 0-0 Nd7 8. Nf3 e6 9. a3 Bd6 10. Re1 0-0 11. c4 N5f6 12. Nc3 h6 13. h3 Re8 14. Be3 a6 15. Bd3 Bxd3 16. Qxd3 b5 17. Red1 bxc4 18. Qxc4 Qb8 19. Na4 Nd5 20. Rac1 Rc8 21. Rd3 c5 22. Rb3 Qa7 23. dxc5 Nxe3 24. Rxe3 Nxc5 25. Qd4 Qe7 26. Nb6 Rd8 27. Nxa8 Bh2+ 28. Kxh2 Rxd4 29. Nxd4 Qd6+ 30. Kg1 Qxd4 31. Rec3 Nd3 32. R1c2 Qe4 33. g3 Ne1 0-1